Biorobotics : methods and applications
Αποθηκεύτηκε σε:
| Άλλοι συγγραφείς: | , |
|---|---|
| Μορφή: | Βιβλίο |
| Γλώσσα: | English |
| Δημοσίευση: |
Menlo Park, CA :
AAAI Press/MIT Press,
2001.
|
| Θέματα: | |
| Ετικέτες: |
Προσθήκη ετικέτας
Δεν υπάρχουν, Καταχωρήστε ετικέτα πρώτοι!
|
MARC
| LEADER | 00000cam a2200000 i 4500 | ||
|---|---|---|---|
| 001 | 1/62448 | ||
| 008 | 071112s2001 cau ||| | eng|| | ||
| 020 | |a 026273141X | ||
| 035 | |l 10092196 | ||
| 040 | |a GR-MyUA |b gre |e AACR2 | ||
| 041 | 0 | |a eng | |
| 082 | 0 | |a 591.50113 |2 (22) | |
| 245 | 1 | 0 | |a Biorobotics : |b methods and applications / |c edited by Barbara Webb and Thomas R.Consi. |
| 260 | |a Menlo Park, CA : |b AAAI Press/MIT Press, |c 2001. | ||
| 300 | |a xiv, 208 σ. ; |c 23 εκ. | ||
| 504 | |a Περιλαμβάνει βιβλιογραφικές παραπομπές (σ. [175]-196). | ||
| 650 | 0 | 0 | |a Animal behavior |x Simulation methods. |
| 650 | 0 | 0 | |a Senses and sensation |x Simulation methods. |
| 650 | 0 | 0 | |a Robotics. |
| 700 | 1 | |a Webb, Barbara |q (Barbara H.) |e edtf | |
| 700 | 1 | |a Consi, Thomas R., |d 1956- |e edt | |
| 852 | |a INST |b SAMOS |e 20071112 |h 591.50113 BIO |p 005300027842 |q 005300027842 |t BK |y 0 | ||
| 901 | |a BIBL3-2007-3 | ||
| 909 | |a Σ |b 140001 | ||
| 922 | |a 3ΕΛΗ |b 200710 |c ΕΠΕΑΕΚ2/ΤΜΠΕΣ |d ΠΑΠΑΣΩΤΗΡΙΟΥ | ||
| 970 | |a ΣΙΤΖΙΜΗ |b ΓΙΑΣΕΜΗ |z 2007/11/12 | ||